003490000a2200085000450024500960000004100140009670000200011010000270013077301060015710aNueva especie del género Sturnira () de los Andes colombianos0 aEspañol1 aCadena, Alberto1 aContreras Vega, Mario1 tRevista de la Academia Colombiana de Ciencias Exactas, Fisicas y Naturales332h91q285-287d2000g24